| 000 | 00595nam a22001937a 4500 | ||
|---|---|---|---|
| 003 | KOHA_MİRAKIL | ||
| 005 | 20251219100157.0 | ||
| 008 | 251219b tu ||||| |||| 00| 0 tur d | ||
| 020 | _a9789757463900 | ||
| 040 |
_aTR-AnABB _btur _cTR-AnABB |
||
| 041 | _atur | ||
| 082 |
_a660.29 _bGAL 2016 |
||
| 100 | 1 | _aGalioğlu Atıcı, Oya, | |
| 245 | 1 | 0 |
_aYüzey aktif maddeler kimyası ve endüstriyel uygulamaları / _cOya Galioğlu Atıcı |
| 260 |
_aİstanbul : _bİTÜ Vakfı Yayınları, _c2016 |
||
| 300 |
_a272 sayfa ; _c22 cm |
||
| 650 | 0 | 4 | _aKimya mühendisliği |
| 942 |
_2ddc _cBK |
||
| 999 |
_c9784 _d9784 |
||
| 900 | _bGizem YORULMAZ | ||